00609nam a22001817a 4500003000400000008004100004082002100045100002100066245017700087260006800264300001000332502001600342650001300358650001400371650002000385650001100405650001100416OSt260504b |||||||| |||| 00| 0 eng d a633.369958bY-1I aYadav, Kapildeo. aInvestigations on the Relative Performance of Pigeonpea Based Intercropping Systems in Relation to Weed Management Practices Under Dryland Conditions / cby Kapildeo Yadava a.- Sabour, Bhagalpurb: Bihar Agricultural College, RAUc, 1990 a157p. bPh.D.d1990 aAgronomy aPigeonpea aWeed Management aThesis aPh. D.